000
00224nam a2200085Ia 4500
008
170524s9999 xx 000 0 und d
100
_a
Khetarpaul-Neelam
245
0
_a
Professional Chef_The art of fine Cooking
260
_b
UBS Pub.Dis.Ltd
260
_c
2006
999
_c
7361
_d
7361